Statistiques concernant Paroles Le Blues d'Oogie Boogie

Cliquez ici pour prendre le quiz!

Statistiques générales

  • Ce quiz a été pris 10 fois
  • Le résultat moyen est 278 sur 345

Statistiques - réponses

HintRéponse% Correct
ce
100%
c'est
100%
de
100%
et
100%
je
100%
Ooogie BoogieJe
100%
la
100%
le
100%
les
100%
me
100%
mes
100%
moi
100%
mon
100%
Oogie Boogie
100%
qu
100%
qui
100%
vie
100%
à
89%
ahah
89%
au
89%
bon
89%
ça
89%
des
89%
dés
89%
en
89%
fais
89%
fil
89%
j'ai
89%
Le Père NoëlMais
89%
mais
89%
monde
89%
ne
89%
n'es
89%
on
89%
ou
89%
ouh
89%
par
89%
pas
89%
peut
89%
plus
89%
pour
89%
qu'à
89%
quand
89%
que
89%
quel
89%
quelle
89%
quoi
89%
si
89%
sont
89%
sûr
89%
sur
89%
ta
89%
te
89%
t'es
89%
tient
89%
toi
89%
ton
89%
tous
89%
tout
89%
très
89%
trop
89%
tu
89%
un
89%
une
89%
veux
89%
vos
89%
vous
89%
wo-ho
89%
y
89%
allez
78%
alors
78%
avec
78%
bien
78%
bois
78%
chauffe
78%
compte
78%
crois
78%
dans
78%
dont
78%
d'un
78%
enfants
78%
est
78%
faire
78%
jamais
78%
mieux
78%
oh
78%
Oogie BoogieOh
78%
oreilles
78%
parle
78%
passe
78%
perce
78%
peur
78%
poids
78%
p'tet
78%
qu'une
78%
Oogie Boogierien
78%
rire
78%
suis
78%
va
78%
vais
78%
vite
78%
voir
78%
ait
67%
antique
67%
arthritique
67%
aurez
67%
boule
67%
casse
67%
cher
67%
compreniez
67%
contre
67%
cool
67%
crétin
67%
crever
67%
crime
67%
éviter
67%
faits
67%
fera
67%
fiches
67%
fini
67%
frère
67%
impair
67%
impayable
67%
incroyable
67%
infâme
67%
insoutenable
67%
j'aimerais
67%
j'en
67%
jette
67%
jeux
67%
jouant
67%
l'aide
67%
Le Père NoëlLibérez
67%
maille
67%
méfaits
67%
merveille
67%
monsieur
67%
n'attendent
67%
oeil
67%
pareil
67%
parler
67%
payer
67%
perds
67%
permission
67%
péter
67%
phénomène
67%
pote
67%
pouvoir
67%
répondre
67%
ringard
67%
roule
67%
roulette
67%
saisi
67%
suite
67%
t'as
67%
Oogie BoogieTiens
67%
tiens
67%
tocard
67%
type
67%
vieux
67%
vrai
67%
vraiment
67%
vu
67%
Wo
67%
zéro
67%
Oogie BoogieAh
56%
casino
56%
clown
56%
coriace
56%
coup
56%
démentiel
56%
Le Père NoëlDétachez
56%
face
56%
horreurs
56%
jouer
56%
joueur
56%
j'ouvre
56%
loque
56%
mauvais
56%
m'éclate
56%
mille
56%
mis
56%
musée
56%
pied
56%
pile
56%
plein
56%
prends
56%
sauf
56%
seras
56%
simple
56%
super
56%
choeurwo-ho
56%
hein
44%

Distribution des résultats

Percentile par nombre de réponses

% des personnes avec chaque résultat

Votre développement - résultats

Vous n’avez pas pris ce quiz